|
|
|
|
| LEADER |
01690cas a2200241 a 4500 |
| 001 |
AALejournalIMF006713 |
| 008 |
230101c9999 xx r poo 0 0eng d |
| 020 |
|
|
|c 5.00 USD
|
| 020 |
|
|
|z 9781455207763
|
| 022 |
|
|
|a 1934-7685
|
| 040 |
|
|
|a BD-DhAAL
|c BD-DhAAL
|
| 110 |
2 |
|
|a International Monetary Fund.
|
| 245 |
1 |
0 |
|a Antigua and Barbuda :
|b 2010 Article IV Consultation and Request for Stand-By Arrangement; Staff Report; Supplements; Public Information Notice; Press Release; and ED's Statement.
|
| 264 |
|
1 |
|a Washington, D.C. :
|b International Monetary Fund,
|c 2010.
|
| 300 |
|
|
|a 1 online resource (82 pages)
|
| 490 |
1 |
|
|a IMF Staff Country Reports
|
| 500 |
|
|
|a <strong>Off-Campus Access:</strong> No User ID or Password Required
|
| 500 |
|
|
|a <strong>On-Campus Access:</strong> No User ID or Password Required
|
| 506 |
|
|
|a Electronic access restricted to authorized BRAC University faculty, staff and students
|
| 520 |
3 |
|
|a The global slowdown has severely affected Antigua and Barbuda's economy through its impact on tourist arrivals, FDI inflows and remittances, and fiscal revenue. The recession and associated fiscal crisis coincides with already weak public finances and mounting problems in the financial sector. The authorities have taken decisive action to address the fiscal crisis and set the stage for a sustained recovery. The scope for restructuring public debt with domestic banks is limited, and financial sector reform is paramount.
|
| 538 |
|
|
|a Mode of access: Internet
|
| 830 |
|
0 |
|a IMF Staff Country Reports; Country Report ;
|v No. 2010/279
|
| 856 |
4 |
0 |
|z Full text available on IMF
|u http://elibrary.imf.org/view/journals/002/2010/279/002.2010.issue-279-en.xml
|z IMF e-Library
|